Maiar in LotR Movies by Picture - Statistics

General Stats
  • This quiz has been taken 29 times
  • The average score is 5 of 5
Answer Stats
Picture Answer % Correct
Olorin
100%
Mairon
91%
Aiwendil
87%
Curunir
87%
"Durin's Bane"
87%
No matching quizzes found
Score Distribution
Percent of People with Each Score
Percentile by Number Answered
Your Score History
You have not taken this quiz